Advanced business analytics : essentials for developing a competitive advantage /

Bibliographic Details
Main Author: Bhaduri, Saumitra N. (Author)
Corporate Author: ProQuest (Firm)
Format: eBook
Language:English
Published: Singapore : Springer, [2016]
Subjects:
Online Access:Connect to the full text of this electronic book

MARC

Tag First Indicator Second Indicator Subfields
LEADER 00000cam a2200000zi 4500
001 in00003734883
006 m |o d |
007 cr |n|||||||||
008 160824s2016 si o 000 0 eng d
005 20250816222349.3
020 |a 9789811007279 (electronic bk.) 
020 |a 9811007276 (electronic bk.) 
020 |z 9811007268 
020 |z 9789811007262 
024 8 |a 99968648162 
035 |a (NhCcYBP)ebc4591934 
040 |a NhCcYBP  |c NhCcYBP  |d UtOrBLW 
050 4 |a HD30.23  |b .B43 2016 
082 0 4 |a 658.4/033  |2 23 
100 1 |a Bhaduri, Saumitra N.,  |e author.  |0 http://id.loc.gov/authorities/names/n2010212447 
245 1 0 |a Advanced business analytics :  |b essentials for developing a competitive advantage /  |c Saumitra N. Bhaduri, David Fogarty. 
264 1 |a Singapore :  |b Springer,  |c [2016] 
300 |a 1 online resource. 
336 |a text  |b txt  |2 rdacontent 
337 |a computer  |b c  |2 rdamedia 
338 |a online resource  |b cr  |2 rdacarrier 
588 |a Description based on print version record. 
500 |a Electronic resource. 
650 0 |a Decision making  |x Mathematical models.  |0 http://id.loc.gov/authorities/subjects/sh85036200 
655 7 |a Electronic books.  |2 local 
710 2 |a ProQuest (Firm)  |0 http://id.loc.gov/authorities/names/n2007068018 
776 1 8 |c Original  |z 9811007268  |z 9789811007262 
856 4 0 |u https://ebookcentral.proquest.com/lib/tamucs/detail.action?docID=4591934  |y Connect to the full text of this electronic book  |t 0 
955 |a YBP purchased firm e-records 
980 |b 54.99  |g 1 
987 |a ybp13075037 
999 f f |s 6c687ca0-c372-37f9-9f85-0608bd57c36f  |i cb7c8480-85c3-397b-8afd-fc89ba95eba2  |t 0 
952 f f |a Texas A&M University  |b College Station  |c Electronic Resources  |d Available Online  |t 0  |e HD30.23 .B43 2016  |h Library of Congress classification 
998 f f |a HD30.23 .B43 2016  |t 0  |l Available Online